Statistiques concernant Villes les plus peuplées des États-Unis

Cliquez ici pour prendre le quiz!

Statistiques générales

  • Ce quiz a été pris 3 350 fois
    (3 337 depuis la dernière actualisation)
  • Le résultat moyen est 32 sur 60

Statistiques - réponses

VillePopulation% Correct
1New York8 405 000
100%
2Los Angeles3 958 000
99%
3Chicago2 718 000
95%
43Miami419 000
94%
22Washington646 000
94%
12San Francisco843 000
93%
20Boston659 000
88%
9Dallas1 241 000
87%
28Las Vegas603 000
86%
24Seattle634 000
84%
5Philadelphie1 552 000
83%
4Houston2 100 000
82%
23Denver634 000
78%
18Détroit706 000
78%
8San Diego1 345 000
77%
39Atlanta443 000
74%
6Phoenix1 445 000
72%
49La Nouvelle Orléans378 000
72%
7San Antonio1 392 000
66%
31Portland583 000
65%
11Austin885 000
65%
14Indianapolis820 000
62%
35Sacramento470 000
62%
29Oklahoma City599 000
62%
26Baltimore622 000
61%
19Memphis670 000
59%
16Charlotte775 000
57%
10San José1 000 000
57%
37Kansas City464 000
56%
46Minneapolis392 000
54%
13Jacksonville836 000
54%
25Nashville626 000
52%
58Saint Louis318 000
52%
45Cleveland396 000
50%
27Louisville609 000
45%
30Milwaukee597 000
44%
32Albuquerque552 000
44%
54Honolulu337 000
44%
21El Paso649 000
44%
53Tampa347 000
42%
15Columbus787 000
39%
59Pittsburgh306 000
37%
17Fort Worth741 000
36%
52Raleigh353 000
34%
33Tucson524 000
32%
47Oakland390 000
32%
42Omaha421 000
27%
41Colorado Springs439 000
26%
38Virginia Beach464 000
26%
44Tulsa398 000
24%
36Long Beach (CA)467 000
24%
34Fresno494 000
23%
48Wichita382 000
22%
55Anaheim336 000
21%
40Mesa439 000
18%
60Corpus Christi305 000
17%
50Arlington365 000
15%
57Santa Ana324 000
14%
56Aurora325 000
13%
51Bakersfield356 000
12%

Distribution des résultats

Percentile par nombre de réponses

% des personnes avec chaque résultat

Votre développement - résultats

Vous n’avez pas pris ce quiz depuis la dernière actualisation